Handbook of water purification. (2nd ed.) (Record no. 45339)

MARC details
000 -LEADER
fixed length control field 00531nam a2200157 a 4500
008 - FIXED-LENGTH DATA ELEMENTS--GENERAL INFORMATION
fixed length control field 120416s1987 ||||||||||||||||| || u
020 ## - INTERNATIONAL STANDARD BOOK NUMBER
International Standard Book Number 0853129916
050 ## - LIBRARY OF CONGRESS CALL NUMBER
Classification number TD 430 Han
100 ## - MAIN ENTRY--PERSONAL NAME
Personal name Lorch, Walter
245 10 - TITLE STATEMENT
Title Handbook of water purification. (2nd ed.)
Statement of responsibility, etc. edted by Walter Lorch
250 ## - EDITION STATEMENT
Edition statement 2nd ed.
260 ## - PUBLICATION, DISTRIBUTION, ETC.
Place of publication, distribution, etc. New York
Name of publisher, distributor, etc. Ellis Horwood
Date of publication, distribution, etc. 1987
300 ## - PHYSICAL DESCRIPTION
Extent 777p. : ill.
350 ## - PRICE (NR) (BK AM CF MU VM SE) [OBSOLETE]
Price 0.00
995 ## - RECOMMENDATION 995 [LOCAL, UNIMARC FRANCE]
-- 0.00
-- CBU-MAIN LIBRARY (Kitwe)
-- 1
-- 76.45
-- 1
-- REFERENCE
-- Reference Collection
Holdings
Withdrawn status Lost status Source of classification or shelving scheme Damaged status Not for loan Home library Current library Shelving location Date acquired Total Checkouts Full call number Barcode Date last seen Price effective from Koha item type
          CBU-MAIN LIBRARY, KITWE. CBU-MAIN LIBRARY, KITWE.   11/30/2022   TD 430 Han 023291 11/30/2022 11/30/2022 MONOGRAPH